| 000 | 00685nam a2200253Ia 4500 | ||
|---|---|---|---|
| 003 | GCL | ||
| 008 | 140319s9999 xx 000 0 eng d | ||
| 020 | _a0415373077 | ||
| 040 |
_aGCL / _cGCL |
||
| 082 | 0 | 4 |
_a371.33 _bM E |
| 100 | 1 | _aMASON, ROBIN | |
| 245 | 1 | 0 |
_aELEARNING : _bTHE KEY CONCEPTS / _cMASON, ROBIN |
| 700 | 1 | _aRENNIE, FRANK | |
| 250 | _aFIRST | ||
| 260 |
_aانجلترا : _bROUTLEDGE ، _c2006 |
||
| 300 |
_a21 CM ؛ _c158 P |
||
| 650 | 0 | 4 | _aLEARNING |
| 650 | 0 | 4 | _aCOMPUTER - AIDED DESIGN |
| 650 | 0 | 4 | _aINTERNET IN EDUCATION |
| 650 | 0 | 4 | _aLEARNING - CONCEPTS |
| 650 | 0 | 4 | _aEDUCATION TECHNOLOGY - CONCEPTS |
| 650 | 0 | 4 | _aELECTRONIC LEARNING |
| 942 |
_2ddc _cBK |
||
| 999 |
_c9317 _d9317 |
||